01431nac a22003371i 4500003000900000005001700009008004100026020001500067040004300082082002000125111008100145245019400226264004400420264001000464300004000474336002600514337002800540338002700568500008000595500002800675504005200703650004000755650003600795655001700831700003300848700003100881700002300912942001200935999001500947952013100962EG-ScBUE20250527091951.0250417t1973 nyua f b 101 0 eng d a047053530X aEG-ScBUEbengerdacEG-ScBUEdEG-ScBUE04a530.44bDYN2222 aInternational symposium on dynamics of ionized gasesd(1971 :cTokyo, Japan)00aDynamics of ionized gases :bproceedings of the international symposium on dynamics of ionized gases, Tokyo, Japan, September 13-17, 1971 /cedited by M. J. Lighthill, I. Imai, and H. Sato. 1aNew York : bJohn Wiley & Sons,c[1973] 4cc1973 a545 pages :billustrations ;c24 cm 2rdacontentatextbtxt aunmediated2rdamediabn avolumebnc2rdacarrier aAt head of title: International Union of Theoretical and Applied Mechanics. a"A Halsted Press book." aIncludes bibliographical references and index.  7aPlasma dynamicsxCongresses.2BUEsh 7aShock wavesxCongresses.2BUEsh vReading book1 aImai, Isamu,c1931-eeditor.1 aLighthill, M. J.,eeditor.1 aSato, H.,eeditor. cBB2ddc c6316d6316 00102ddc40708AlahramaMAINbMAINc1STd2007-11-21ePurchasel0o530.44 DYNp000007816r2025-07-15 00:00:00w2007-11-21yBB